| 000 | 00528nam a22001937a 4500 | ||
|---|---|---|---|
| 003 | KOHA_MİRAKIL | ||
| 005 | 20240930101003.0 | ||
| 008 | 240929b2005 tu ||||| |||| 00| 0 tur d | ||
| 020 | _a9757213233 | ||
| 040 |
_aTR-AnABB _btur _cTR-AnABB |
||
| 041 | _atur | ||
| 082 |
_a818.9928 _bSAH 2005 |
||
| 100 | _aSahapov, Minahmet. | ||
| 245 | 0 |
_aYenilik habercisi / _cMinahmet Sahapov. |
|
| 260 |
_aAnkara : _bTürksoy, _c2005. |
||
| 300 |
_a344 sayfa ; _c24 cm. |
||
| 650 | _aTatar edebiyatı, çeşitli eserler | ||
| 942 |
_2ddc _cBK |
||
| 999 |
_c1542 _d1542 |
||